Thử nghiệm trùn quế (perionyx excavatus) để xử lý rác thải sinh hoạt hữu cơ trên địa bàn thành phố Cần Thơ : Báo cáo tổng kết đề tài khoa học và công nghệ cấp Trường
Giúp giảm khối lượng chất thải trong các bãi rác ở tp. Cần Thơ, còn xử lý và tận dụng loại chất thải này để sản xuất phân sinh học.
Bewaard in:
| Hoofdauteur: | |
|---|---|
| Formaat: | Boek |
| Taal: | Undetermined |
| Gepubliceerd in: |
Cần Thơ
Trường Đại học Cần Thơ
2015
|
| Onderwerpen: | |
| Tags: |
Voeg label toe
Geen labels, Wees de eerste die dit record labelt!
|
| Thư viện lưu trữ: | Trung tâm Học liệu Trường Đại học Cần Thơ |
|---|
| LEADER | 01196nam a2200241Ia 4500 | ||
|---|---|---|---|
| 001 | CTU_210456 | ||
| 008 | 210402s9999 xx 000 0 und d | ||
| 082 | |a 628.445 | ||
| 082 | |b D309 | ||
| 088 | |a T2014-85 | ||
| 100 | |a Bùi, Thị Minh Diệu | ||
| 245 | 0 | |a Thử nghiệm trùn quế (perionyx excavatus) để xử lý rác thải sinh hoạt hữu cơ trên địa bàn thành phố Cần Thơ : | |
| 245 | 0 | |b Báo cáo tổng kết đề tài khoa học và công nghệ cấp Trường | |
| 245 | 0 | |c Bùi Thị Minh Diệu (chủ nhiệm đề tài) | |
| 260 | |a Cần Thơ | ||
| 260 | |b Trường Đại học Cần Thơ | ||
| 260 | |c 2015 | ||
| 520 | |a Giúp giảm khối lượng chất thải trong các bãi rác ở tp. Cần Thơ, còn xử lý và tận dụng loại chất thải này để sản xuất phân sinh học. | ||
| 650 | |a Organic wastes,Microbiology,Chất thải hữu cơ,Vi sinh vật học | ||
| 650 | |x Technique,Kỹ thuật | ||
| 904 | |i Nguyễ Văn Môi,Qhieu | ||
| 915 | |a CS | ||
| 980 | |a Trung tâm Học liệu Trường Đại học Cần Thơ | ||